Televizní technika
Gespeichert in:
| 1. Verfasser: | |
|---|---|
| Format: | Buch |
| Sprache: | Tschechisch |
| Veröffentlicht: |
Bratislava :
SNTL,
1979
|
| Tags: |
Keine Tags, Fügen Sie das erste Tag hinzu!
|
MARC
| LEADER | 00000nam a22000003a 4500 | ||
|---|---|---|---|
| 001 | stu25238 | ||
| 005 | 20150617225743.1 | ||
| 008 | 980325s1979------------------------cze-d | ||
| 040 | |a STU |b slo | ||
| 041 | 0 | |a cze | |
| 080 | |a 621.397 | ||
| 100 | 1 | |a Vít, Vladimír |4 aut | |
| 245 | 1 | |a Televizní technika | |
| 260 | |a Bratislava : |b SNTL, |c 1979 | ||
| 300 | |a 919 s | ||
| 996 | |b 284EK04961 |c E*44693 |l EE01 |s A |a 24 |w stu25238_0002 | ||
| 996 | |b E44730 |c E*44730 |l EE16 |s P |a 0 |w stu25238_0004 | ||
| 996 | |b E45318 |c E*45318 |l EE05 |s P |a 0 |w stu25238_0006 | ||
| 996 | |b E45594 |c E*45594 |l EE06 |s P |a 0 |w stu25238_0007 | ||
| 996 | |b E47534 |c E*47534 |l EE08 |s P |a 0 |w stu25238_0009 | ||
| 996 | |b E44826 |c E*44826 |l EE11 |s P |a 0 |w stu25238_0011 | ||
| 996 | |b E*91170 |c E* 284EK91170 |l EE0101 |s P |a 0 |w stu25238_0012 | ||